00530nam a22001817a 450000500170000001000130001702000260003003500130005603700090006908200150007810000220009324500340011526000450014927000610019430000310025549000220028665000400030820210610144751.0 aB-740209 a9780195673890c195.00 aB-740209 bGift a730.954792 aDhavalikar, M. K. aEllora /cby M. K. Dhavalikar aNew DelhibOxford University Pressc2009 aYMCA Library Building, Jai Singh RoadbNew Delhie110001 axi, 104p.:c22cm(Hb)bill. aMonumental Legacy aCave templeszIndia zEllora Caves.